| 000 | 00454nam a2200169 4500 | ||
|---|---|---|---|
| 003 | SEACOMMC | ||
| 005 | 20250430122817.0 | ||
| 008 | 250106b |||||||| |||| 00| 0 eng d | ||
| 020 |
_a81-259-0293-7 _cRs.225.00 |
||
| 040 | _aSEACOMMC | ||
| 082 |
_a628 _bP 189 |
||
| 100 | _a Pandey, G.N | ||
| 245 | 1 |
_aEnvironmental Management _cG.N. Pandey |
|
| 260 |
_aNew Delhi _b Vikas Publishing House _c 2006 |
||
| 650 | _a Environmental Management | ||
| 942 | _cBOOK | ||
| 999 |
_c974 _d974 |
||